LEADER 01064nam0-22002891i-450 001 990005051590403321 005 20230222154211.0 035 $a000505159 035 $aFED01000505159 035 $a(Aleph)000505159FED01 100 $a19990530g19699999km-y0itay50------ba 101 0 $afre 102 $aCH 105 $ay-------001yy 200 1 $aJean Muret et ses amis Nicolas de Clamanges et Jean de Montreuil$eContribution a l'ètude des rapports entre les humanistes de Paris et ceux d'Avignon$e(1394-1420)$fEzio Ornato 210 $aGenève$cLibr. Droz$d1969 215 $aXVIII, 281 p.$d24 cm 225 1 $aCentre de Recherches d'Histoire et de Philologie$v5 300 $aOuvrage publié avec le concours du Centre National de la Recherche Scientifique (al front.) 700 1$aOrnato,$bEzio$0157914 801 0$aIT$bUNINA$gRICA$2UNIMARC 901 $aBK 912 $a990005051590403321 952 $aMB 324$bFil.Mod. 16652$fFLFBC 959 $aFLFBC 996 $aJean Muret et ses amis Nicolas de Clamanges et Jean de Montreuil$9532626 997 $aUNINA LEADER 01071nam a2200277 i 4500 001 991001057829707536 008 100802s2010 it b 000 0 ita d 020 $a9788824319522 035 $ab13953898-39ule_inst 040 $aSet. Economia - SAGA$bita 082 04$a343.043 245 04$aIl 'federalismo fiscale' :$bcommento alla legge n. 42 del 2009 /$ca cura di Antonio Ferrara e Giulio M. Salerno ; [presentazione di Beniamino Caravita] 260 $aNapoli :$bJovene,$c2010 300 $axii, 224 p. ;$c23 cm 440 0$aStudi di federalismi.it 504 $aCon bibliografia 650 04$aFederalismo fiscale 650 04$aEnti locali$xAutonomia tributaria 700 1 $aFerrara, Antonio 700 1 $aSalerno, Giulio M. 907 $a.b13953898$b28-01-14$c14-02-11 912 $a991001057829707536 945 $aLE025 ECO 343 FER05.01$g1$i2025000239579$lle025$nProf.ssa Zuppetta$o-$pE20.00$q-$rl$s- $t0$u18$v7$w18$x0$y.i15241798$z21-03-11 996 $aFederalismo fiscale$958553 997 $aUNISALENTO 998 $ale025$b14-02-11$cm$da $e-$fita$git $h4$i0